000 00449ngm a2200169 i 4500
001 C2-0325166
003 PPAK
005 20180727222111.0
008 140120s2002 my |||| ||||| | vleng d
040 _aPPAK
_beng
_cPPAK
_erda
245 0 0 _aSurvivor series 2012
264 1 _aKuala Lumpur :
_bSendi Mutiara Marketing ,
_c2002
336 _2rdacontent
_atext
337 _2rdamedia
_aunmediated
338 _2rdacarrier
_avolume
942 _2ddc
_cDVD
999 _c167559
_d167559